| 000 | 00634nam a2200241Ia 4500 | ||
|---|---|---|---|
| 001 | dia_2672 | ||
| 003 | CHAP | ||
| 005 | 20251027145741.0 | ||
| 008 | 220117s1981 xx 000 0 und d | ||
| 010 | _a173190 | ||
| 040 | _cCHAP | ||
| 082 | _a664 H38 | ||
| 100 |
_aHawthorn, John _953163 |
||
| 245 |
_aFoudations of Food Science / _c by John Hawthorn |
||
| 260 |
_aOxford, Freeman and Company _c1981 |
||
| 300 | _a195P. | ||
| 500 | _aC/e | ||
| 650 |
_a1.Alimentos _xComposición _9153332 |
||
| 901 | _a664 H38 | ||
| 902 | _aM | ||
| 905 | _a0000001981 OXF 0000000000ING00 | ||
| 942 |
_cLIBRO _2ddc |
||
| 999 |
_c173190 _d173190 |
||